Score 0/16 Timer 02:00
0 Plays Today
Scrambled Word Answer % Correct
LAWLWALL
99.5%
PCACAP
99.3%
VIEDDIVE
97.3%
WARDDRAW
96%
RACDCARD
95.6%
RAEAAREA
95.3%
FALHHALF
93.1%
ALOGGOAL
88.2%
Scrambled Word Answer % Correct
CHOTUTOUCH
82.6%
KINGOBOBOOKING
63.2%
NYPEALTPENALTY
57.1%
Theme that links them all:SOCCER/FOOTBALL
54.2%
RORCENCORNER
53.5%
LAPREYREPLAY
36.8%
FODESFIOFFSIDE
30.3%
POTSGAPESTOPPAGE
14.5%

You're not logged in!

Compare scores with friends on all Sporcle quizzes.
OR
Log In

Sporcle TV

Today on Sporcle TV


Watch our educational content, quiz creation guides, and fun videos on Sporcle TV.

Show Comments

Extras

Top Quizzes Today


Score Distribution

Paid Content

Your Account Isn't Verified!

In order to create a playlist on Sporcle, you need to verify the email address you used during registration. Go to your Sporcle Settings to finish the process.

Report this User

Report this user for behavior that violates our Community Guidelines.

Details: